| 000 | 00649aam a2200265 4500 | ||
|---|---|---|---|
| 005 | 20260320165956.0 | ||
| 008 | 150717b1990 xxu||||| |||| 00| 0 spa d | ||
| 020 | _a9501400700 | ||
| 041 | _aESP | ||
| 082 | _a364.3 J61p6 | ||
| 100 |
_aJiménez de Asúa, Luis _914365 |
||
| 245 | _aPsicoanálisis criminal | ||
| 250 | _a6 edición | ||
| 260 | _aArgentina | ||
| 260 | _bDepalma | ||
| 260 | _c1990 | ||
| 300 | _a361 páginas | ||
| 490 | _aInvestigación Criminal | ||
| 650 | _aPSICOLOGÍA CRIMINAL | ||
| 650 | _aCAUSISTICA | ||
| 650 | _aDELINCUENCIA | ||
| 650 | _aPSICOANÁLISIS CRIMINAL | ||
| 650 | _aCRIMEN | ||
| 942 |
_cBK _2ddc |
||
| 999 |
_c63 _d63 |
||